| 000 | 01578nam a22001937a 4500 | ||
|---|---|---|---|
| 003 | OSt | ||
| 005 | 20240229073823.0 | ||
| 008 | 201027b 2007 dr 00| 0 eng d | ||
| 040 |
_aDO-SdBNP _bspa _cBNPHU |
||
| 100 | 1 |
_aGómez Geraldino, Alexis A. _936063 |
|
| 245 | 1 | 0 |
_aJurisprudencia dominicana en materia disciplinaria : _bjueces, notarios y abogados / _cAlexis A. Gómez Geraldino ; prólogo Dr. Jorge A. Subero Isa |
| 260 |
_aSanto Domingo : _bComisión Nacional de Ejecución de la Reforma Procesal Penal, _c2007. |
||
| 300 |
_axxi, 375 p. ; _c23 cm. |
||
| 490 | 1 |
_aSerie de coleccion de la CONAEJ _v2 |
|
| 505 | 0 |
_aDedicatoria vii -- _tPresentación xv -- _tPrólogo xix -- _t Introducción -- _tAbogado -- _tCasación -- _tDefensa y debido proceso --- _tÉtica -- _tFianza -- _tHabeas corpus -- _tImagen publica -- _tJuez _tLibertad de expresión -- _tMaltrato del superior a subalternos -- _tNotario -- _tPena más grave -- _tReapertura de la instrucción de la causa -- _tSoborno -- _tTestigo -- _tUtilización de nombres de otro juez de mayor jerarquía -- _tApéndices -- _tApéndices No. 1 : Ley No. 327-98 de carrera judicial -- _tApéndices No. 2 : Ley No. 89-05 que crea el colegio de notarios -- _tApéndices No. 3 : Ley del notariado, No. 301 _tApéndices No. 4 : Ley No. 302. Sobre honorarios de los abogados -- _tApéndices No. 5 : Decreto No. 1290, Que ratifica el código de ética del colegio de abogados de la República Dominicana -- |
|
| 700 | 1 |
_aSubero Isa, Jorge A., _d1947- _eprólogo _976863 |
|
| 830 | 0 |
_aSerie de coleccion de la CONAEJ, 2. _977048 |
|
| 942 |
_2ddc _cLBS1 |
||
| 999 |
_c48972 _d48972 |
||